| 000 | 00805nam a2200265 i 4500 | ||
|---|---|---|---|
| 001 | bg | ||
| 100 | 1 | _aKołos, Włodzimierz. | |
| 245 | 1 | 0 |
_aAtom i cząsteczka / _cWłodzimierz Kołos, Joanna Sadlej. |
| 260 |
_aWarszawa : _bWydawnictwa Naukowo-Techniczne, _c1998. |
||
| 300 |
_a457, [1] s. : _brys., wykr. ; _c21 cm. |
||
| 490 | 1 | _aWykłady z Chemii Fizycznej | |
| 521 | _aPodręcznik dla studentów i absolwentów wydz. chemicznych oraz nauczycieli. | ||
| 650 | 9 | _aAtom | |
| 650 | 9 | _aCząsteczka | |
| 655 | _aPodręczniki akademickie | ||
| 700 | 1 | _aSadlej, Joanna. | |
| 830 | _aWykłady z Chemii Fizycznej | ||
| 020 | _a832042268X | ||
| 040 | _cBPK | ||
| 041 | 0 | _apl | |
| 080 | _a544.112(075.8) | ||
| 920 | _a83-204-2268-X | ||
| 942 | _cKS | ||
| 008 | s pl f |000 0 pol | ||
| 999 |
_c34038 _d34038 |
||
| 856 |
_uhttp://koha.tu.koszalin.pl/cgi-bin/koha/opac-detail.pl?biblionumber=34038 _yKatalog online BPK |
||